| 000 | 00367nam a2200133Ia 4500 | ||
|---|---|---|---|
| 008 | 240624s9999 xx 000 0 und d | ||
| 041 | _aeng | ||
| 082 | _a338.954 TAN | ||
| 100 | _aTANTRI MALINI L | ||
| 245 | _aSPECIAL ECONOMIC ZONES IN INDIA POLICY P | ||
| 260 |
_c2016 _aNew Delhi _bCambridge University Press |
||
| 300 | _axviii, 171 p.; 23 cm. | ||
| 365 |
_cRS _b32 |
||
| 999 |
_c29755 _d29755 |
||